[Event "DSOL 05 Liga Gr-B 1st"]
[Site "Playchess.com INT"]
[Date "2020.07.31"]
[Round "6.1"]
[White "Andreoli, Christophe"]
[Black "Tischer, Christian Janek"]
[Result "1-0"]
[WhiteElo "1794"]
[BlackElo "1843"]
[PlyCount "65"]
[EventDate "2020.06.22"]
[EventType "team-tourn (rapid)"]
[EventCountry "GER"]
[SourceTitle "EXT 2021"]
[Source "ChessBase"]
[SourceDate "2020.10.23"]
[SourceVersion "1"]
[SourceVersionDate "2020.10.23"]
[SourceQuality "1"]
[WhiteTeam "Ingolstadt"]
[BlackTeam "Gross Gerau"]
[WhiteTeamCountry "GER"]
[BlackTeamCountry "GER"]

1. Nf3 f5 2. d4 Nf6 3. Bg5 e6 4. Nbd2 d5 5. e3 Be7 6. Be2 0-0 7. 0-0 Bd7 8. c4 c6 9. Qb3 Qc8 10. Rac1 Be8 11. cxd5 exd5 12. Bxf6 Rxf6 13. Qxd5+ Bf7 14. Qa5 Nd7 15. Bc4 Rh6 16. Bxf7+ Kxf7 17. Qxf5+ Kg8 18. Nc4 Qc7 19. Nce5 Nxe5 20. Nxe5 Bd6 21. f4 Rf8 22. Qe4 Qe7 23. Rf3 Rff6 24. Qd3 Bxe5 25. dxe5 Rfg6 26. Rd1 Qh4 27. Qd8+ Kf7 28. Rd7+ Ke6 29. Qe8+ Kf5 30. Qf7+ Rf6 31. exf6 Qxh2+ 32. Kf2 Qh4+ 33. Ke2 1-0

[Event "DSOL 05 Liga Gr-B 1st"]
[Site "Playchess.com INT"]
[Date "2020.07.17"]
[Round "4.1"]
[White "Andreoli, Christophe"]
[Black "Leyendecker, Niklas"]
[Result "1/2-1/2"]
[WhiteElo "1794"]
[BlackElo "1881"]
[PlyCount "74"]
[EventDate "2020.06.22"]
[EventType "team-tourn (rapid)"]
[EventCountry "GER"]
[SourceTitle "EXT 2021"]
[Source "ChessBase"]
[SourceDate "2020.10.23"]
[SourceVersion "1"]
[SourceVersionDate "2020.10.23"]
[SourceQuality "1"]
[WhiteTeam "Ingolstadt"]
[BlackTeam "Birkenfeld"]
[WhiteTeamCountry "GER"]
[BlackTeamCountry "GER"]

1. Nf3 d5 2. d4 Nf6 3. e3 c5 4. dxc5 e6 5. b4 a5 6. c3 b6 7. Bb5+ Bd7 8. Bxd7+ Nfxd7 9. cxb6 axb4 10. b7 Ra7 11. 0-0 Rxb7 12. Bb2 Nf6 13. Nbd2 Nbd7 14. c4 Nc5 15. cxd5 Qxd5 16. Qe2 Be7 17. Rfd1 Qh5 18. Nb3 0-0 19. Nxc5 Qxc5 20. Rdc1 Qh5 21. Qc4 Rb5 22. Qc7 Bd8 23. Qc6 Rb6 24. Qc4 Rb5 25. a4 bxa3 26. Bxa3 Re8 27. Rab1 Rxb1 28. Rxb1 Qa5 29. Qc5 Qxc5 30. Bxc5 Bc7 31. Rc1 Ne4 32. Bd4 Bd6 33. Be5 Rb8 34. Bxd6 Nxd6 35. Nd4 h6 36. g3 Rb2 37. Rc2 Rxc2 1/2-1/2